000 00915nam a2200205 i 4500
001 180459
003 ES-MaACL
005 20230906221113.0
008 120606s1854 sp |||| | spa d
245 0 0 _aFerro-carril del Norte, Segovia :
_bartículos de El Diario español y La Época acerca de la 1ª Sección de Madrid a Valladolid.
260 _aMadrid :
_b[s.n.],
_c1854 (
_fImp. del Colegio de Sordo-Mudos y de Ciegos)
300 _a144 p. ;
_c22 cm.
530 _aDisponible en formato digital.
610 2 4 _aCompañia de los Caminos de Hierro del Norte de España.
_93117
650 4 _aFerrocarriles-
_xDiseño y construcción.
_9136098
650 4 _aFerrocarriles-
_zSegovia (Provincia)
_9175872
650 4 _aFerrocarriles-
_zEspaña-
_yS. XIX.
_912762
852 4 _aES-MaACL
_jT-35-F-9
856 4 _uhttps://bibliotecadigital.jcyl.es/es/consulta/registro.do?id=1188
_zBiblioteca Digital de Castilla y León
999 _c180459
_d180459